[Event "8' Festival Internazionale"]
[Site "?"]
[Date "2022.02.13"]
[Round "5"]
[White "Ulrich, Thomas"]
[Black "Ballotti, Luca"]
[Result "0-1"]
[WhiteElo "2167"]
[BlackElo "2172"]
[PlyCount "64"]
[EventDate "2022.01.08"]
[SourceDate "2022.02.13"]

1. d4 d5 2. Nf3 Nf6 3. g3 c6 4. Bg2 g6 5. O-O Bg7 6. c4 dxc4 7. a4 Ne4 8. Qc2
Nd6 9. Nbd2 b5 10. Ne5 Bb7 11. Rd1 O-O 12. b3 c5 13. Bxb7 Nxb7 14. axb5 cxd4
15. Ndxc4 Qd5 16. Nf3 Nc5 17. Nxd4 Bxd4 18. e3 Ne6 19. exd4 Nxd4 20. Rxd4 Qxd4
21. Bb2 Qd5 22. Qc3 f6 23. Ne3 Qxb5 24. Ra5 Qc6 25. Rc5 Qe4 26. Rc4 Qe6 27. h4
Nd7 28. Rc6 Qe4 29. f4 Nb6 30. Rc5 Rad8 31. Nf1 Rd1 32. h5 Qe2 0-1